000
00294nam a2200109 4500
999
_c
10497
_d
10497
008
180903b ||||| |||| 00| 0 eng d
245
_a
Spreading the value of handwashing.
260
_a
Philippines
_b
Manila Bulletin
_c
c2016
300
_a
page 14.
650
0
_9
30814
_a
Hygiene.
942
_2
ddc
_c
PER